| 000 | 00678nam a2200229 a 4500 | ||
|---|---|---|---|
| 005 | 20240910063828.0 | ||
| 008 | 120615s2004 ag r 000 0 spa d | ||
| 020 | _a9502408721 | ||
| 035 | _aUPN01000185158 | ||
| 049 | _aI | ||
| 050 | 4 |
_aPZ7 _bS7.7 |
|
| 100 | 1 |
_aStone, Tom B. _932274 |
|
| 245 | 1 | 0 |
_aTerror en el campamento / _cTom B. Stone ; tr. Silvia Sassone. |
| 260 |
_aBuenos Aires : _bAlbatros, _c2004. |
||
| 300 | _a127 p. | ||
| 440 | 0 |
_aUltratumba ; _v13 |
|
| 534 |
_pTÃtulo original: _tTales too scary to tell at camp |
||
| 650 | 4 |
_aCuentos infantiles estadounidenses _910762 |
|
| 650 | 4 |
_aCuentos de terror _92404 |
|
| 905 | _aInfantil | ||
| 999 |
_c157261 _d157261 |
||